| 000 | 01091nam a2200289 a 4500 | ||
|---|---|---|---|
| 001 | 000007248 | ||
| 005 | 20200929154117.0 | ||
| 008 | 090907s2006 dr a 000 0 spa d | ||
| 040 |
_aDO-SdBNP _bspa _cBNPHU |
||
| 082 |
_a618.1 _bG958g |
||
| 100 | 1 |
_aGuillen Mateo, Amauris, _d1950- _920111 |
|
| 245 | 1 | 0 |
_aGinecología clínico quirurgica / _cAmauris Guillen Mateo ; colaboradores Juan Pablo López G., Minerva Mañaná, José Clovis Ramírez ; prólogo Alejandro Pichardo. |
| 260 |
_aSanto Domingo : _bCris, _c2006. |
||
| 300 |
_a246 p. : _bil. ; _c23 cm. |
||
| 500 | _aIncluye datos biográficos del autor | ||
| 504 | _aBibliografía : p. 242-243 | ||
| 590 | _aInventariado,2018/DG | ||
| 650 | 4 |
_aGinecología _920061 |
|
| 650 | 4 |
_aGinecología operatoria _920076 |
|
| 650 | 4 |
_aGinecología endocrina _920112 |
|
| 650 | 4 |
_aGinecología _xDiagnóstico _920113 |
|
| 700 | 1 |
_aLópez, Juan Pablo _920114 |
|
| 700 | 1 |
_aMañaná, Minerva _920115 |
|
| 700 | 1 |
_aClovis Ramírez, José _920116 |
|
| 700 | 1 |
_aPichardo, Alejandro, _epról. _9238 |
|
| 910 | _aValidado. Control de calidad. MMOLINA | ||
| 999 |
_c7029 _d7029 |
||